[Event "Pirc mem"]
[Site "Maribor"]
[Date "1993.??.??"]
[Round "?"]
[White "Danner, Georg"]
[Black "Cebalo, Miso"]
[Result "1-0"]
[WhiteElo "2385"]
[BlackElo "2485"]

1.d4 Nf6 2.c4 e6 3.Nf3 Bb4+ 4.Nbd2 b6 5.e3 Bb7 6.Bd3 c5 7.a3 Bxd2+ 8.Bxd2 O-O
9.O-O d6 10.Qe2 Ne4 11.Be1 f5 12.Rd1 Nd7 13.Nd2 Qf6 14.Nxe4 fxe4 15.Bb1 Qg5
16.Bc3 Rad8 17.Rd2 cxd4 18.Bxd4 e5 19.Bc3 Nc5 20.b4 Nd3 21.g3 Qh6 22.f4 exf4
23.exf4 Nxf4 24.Rxf4 Rxf4 25.gxf4 Qxf4 26.Qf2 Qh6 27.Re2 Rf8 28.Qe3 Rf4 29.Bd2 Rg4+
30.Rg2 Rxg2+ 31.Kxg2 Qe6 32.Ba2 h6 33.Bb3 Kh7 34.Kf2 Qf6+ 35.Ke1 Qa1+ 36.Bc1 Qe5
37.h3 Bc8 38.Kd1 Bf5 39.Bc2 d5 40.cxd5 Qxd5+ 41.Bd2 Qc4 42.Qf4 Bg6 43.h4 Qd4
44.Qg4 Qe5 45.Ke1 Qa1+ 46.Ke2 Qh1 47.Ke3 Qa1 48.h5 Qxa3+ 49.Kf4 Be8 50.Bxe4+ Kg8
51.Qe6+ Kf8 52.Qd6+ Kg8 53.Bd5+ Kh7 54.Qf8  1-0

[Event "Pirc mem"]
[Site "Maribor"]
[Date "1993.??.??"]
[Round "?"]
[White "Kozul, Zdenko"]
[Black "Tolnai, Tibor"]
[Result "1/2-1/2"]
[WhiteElo "2550"]
[BlackElo "2500"]

1.d4 Nf6 2.Nf3 e6 3.c4 Bb4+ 4.Nbd2 b6 5.a3 Bxd2+ 6.Qxd2 Bb7 7.e3 O-O 8.b4 a5
9.b5 d6 10.Bb2 Nbd7 11.Be2 Ne4 12.Qc2 f5 13.O-O Qe7 14.Ne1 Qg5 15.Bc1 Qh4
16.f3 Ng5 17.Bd1 Rae8 18.Nd3 e5 19.dxe5 dxe5 20.c5 Bd5 21.c6 Nf6 22.Nf2 e4
23.f4 Ne6 24.g3 Qh6 25.Be2 Nc5 26.Bb2 Qg6 27.a4 h5 28.Rad1 h4 29.Rxd5 Nxd5
30.Bc4 Rd8 31.Rd1 hxg3 32.hxg3 Qxg3+ 33.Kf1 Kh8 34.Rxd5 Rxd5 35.Bxd5 Rd8
36.Qd1 Qg6 37.Qd4 Nxa4 38.Qxa4 Rxd5 39.Bd4 Qf7 40.Qc4 Kg8 41.Nd1 Rd8 42.Qxf7+ Kxf7
43.Nc3 Ke6 44.Bxg7 Ra8 45.Be5 a4 46.Bxc7 a3 47.Bxb6 a2 48.Nxa2 Rxa2 49.Bc5 Kd5
50.c7 Ra8 51.Ba7 Rc8 52.b6 Kc6 53.Ke2 Kb7 54.Kd2 Rh8 55.Kc3 Rh1 56.Kd4 Rb1
57.Ke5 Rb5+ 58.Kd6 Kc8 59.Ke6 Kb7 60.Kf6 Kc8  1/2-1/2

[Event "Pirc mem"]
[Site "Maribor"]
[Date "1993.??.??"]
[Round "?"]
[White "Kozul, Zdenko"]
[Black "Cebalo, Miso"]
[Result "1/2-1/2"]
[WhiteElo "2550"]
[BlackElo "2485"]

1.d4 Nf6 2.Nf3 e6 3.c4 Bb4+ 4.Nbd2 b6 5.a3 Bxd2+ 6.Bxd2 Bb7 7.Bg5 d6 8.e3 Nbd7
9.Bh4 h6 10.Be2 Qe7 11.O-O g5 12.Bg3 h5 13.h4 Ne4 14.Nxg5 Nxg5 15.hxg5 h4
16.Bh2 Qxg5 17.Bf3 Bxf3 18.Qxf3 Ke7 19.c5 bxc5 20.dxc5 Nxc5 21.Rac1 Rac8
22.Rfd1 e5 23.Qh3 Qh5 24.f4 e4 25.f5 Kf6 26.Rf1 Nb3 27.Rc6 Nd2 28.Bxd6 Nf3+
29.Rxf3 cxd6 30.Rxd6+ Ke7 31.Rd5 exf3 32.f6+ Kxf6 33.Rxh5 Rc1+ 34.Kh2 Rxh5
35.Qxf3+ Kg6 36.Qe4+ Kh6 37.Qf4+ Kg6 38.e4 Rcc5 39.b4 Rce5 40.a4 f6 41.b5 Rh7
42.Qg4+ Rg5 43.Qc8 Re7 44.Qg8+ Rg7 45.Qc4 Re5 46.a5 Rb7 47.Qg8+ Kh6 48.Qh8+ Kg6
49.Qg8+ Kh6 50.Qh8+  1/2-1/2

[Event "Muenster op"]
[Site "Muenster"]
[Date "1993.??.??"]
[Round "9"]
[White "Lingnau, Carsten"]
[Black "Stoeckmann, Helmut"]
[Result "1/2-1/2"]
[WhiteElo "2395"]
[BlackElo "2110"]

1.d4 Nf6 2.c4 e6 3.Nf3 Bb4+ 4.Nbd2 O-O 5.a3 Be7 6.e4 d5 7.Qc2 dxe4 8.Nxe4 Nbd7
9.Nxf6+ Nxf6 10.Bd3 c5 11.dxc5 Bxc5 12.O-O Be7 13.b3 b6 14.Bb2 h6 15.Rad1 Qe8
16.Qe2 Bb7 17.Nd4 Rd8 18.Rfe1 Bc5 19.Bb1 Rd7 20.b4 Be7 21.Qc2 Qc8 22.f3 Rfd8
23.Kh1 a6 24.Rd3 Rc7 25.Rc1 Qd7 26.Nf5 Qxd3 27.Nxe7+ Rxe7 28.Qxd3 Rxd3 29.Bxd3 Rd7
30.Rd1 Kf8 31.Kg1 Ke7 32.Kf2 Ne8 33.Ke3 f6 34.Bd4 Nd6 35.Rc1 Nc8 36.h4 e5
37.Bb2 Rc7 38.h5 Nd6 39.a4 Nf7 40.Ba3 Ke6 41.g4 Ng5 42.f4 exf4+ 43.Kxf4 Nf3
44.Bf5+ Kf7 45.Bb2 Ke7 46.b5 axb5 47.axb5 Kf7 48.Rd1 Rxc4+ 49.Kg3 Rc7 50.Rd6 Ng5
51.Rxb6 Be4 52.Bxe4 Nxe4+ 53.Kf4 Rc4 54.Ke3 Ng5 55.Rb7+ Ke6 56.Bd4 Rb4 57.b6 Kd6
58.Rb8 Ne6 59.Bc3 Rb3 60.Kd2 Kc6 61.Ba5 Rb5 62.Ra8 Nc5 63.Ke3 Nb3 64.Bc3 Rxb6
65.Ra7 Nc5 66.Kf4 Rb5 67.Ra5 Ne6+ 68.Ke4 Ng5+ 69.Kf4 Rb3 70.Bxf6 Rf3+ 71.Ke5 gxf6+
72.Kd4 Ne6+ 73.Ke4 Rf4+ 74.Ke3 Rxg4 75.Rf5 Nd4 76.Rxf6+ Kd5 77.Kf2 Rh4 78.Rxh6 Nf5
79.Rh8 Ke5 80.h6 Nxh6 81.Re8+ Kf4 82.Ke2 Nf5 83.Ra8 Rh3 84.Ra4+ Ke5 85.Ra8 Nd4+
86.Kd2 Nf5 87.Rb8 Nd6 88.Ra8 Kd4 89.Ra4+ Nc4+ 90.Ke2 Rc3 91.Ra8 Ke4 92.Re8+ Ne5
93.Kd2 Rh3 94.Kc2 Kd5 95.Rd8+ Kc5 96.Rc8+ Nc6 97.Kd2 Kd5 98.Ra8 Ke4 99.Rc8 Ne5
100.Re8 Rd3+ 101.Kc2 Rd5 102.Ra8 Rc5+ 103.Kb3 Rc7 104.Re8 Kd4 105.Rh8 Rc3+
106.Kb4 Nd3+ 107.Kb5 Rb3+ 108.Kc6 Ne5+ 109.Kc7 Rc3+ 110.Kb7 Kd5 111.Rh5 Rg3
112.Rh1 Rg7+ 113.Kb6 Nc4+ 114.Kb5 Rb7+ 115.Ka6 Rb2 116.Rh5+ Kc6 117.Rh6+ Nd6
118.Ka5 Kc7 119.Ka4 Nc4 120.Rh4 Nb6+  1/2-1/2

[Event "Munich op9293"]
[Site "Munich"]
[Date "1993.??.??"]
[Round "4"]
[White "Kozul, Zdenko"]
[Black "Zaja, Ivan"]
[Result "1-0"]
[WhiteElo "2540"]
[BlackElo "2405"]

1.d4 Nf6 2.Nf3 e6 3.c4 Bb4+ 4.Nbd2 b6 5.a3 Bxd2+ 6.Qxd2 Bb7 7.e3 O-O 8.b4 d6
9.Bb2 Nbd7 10.Be2 Ne4 11.Qc2 f5 12.O-O Ng5 13.Nd2 Nh3+ 14.Kh1 Qh4 15.Bf3 Bxf3
16.Nxf3 Qh5 17.Nd2 Ng5 18.f4 Nf7 19.Rf3 Nf6 20.h3 Nh6 21.Kg1 Qe8 22.d5 exd5
23.cxd5 Nxd5 24.Rd1 Qe6 25.Rg3 Rf7 26.Nf3 Qxe3+ 27.Kh2 Qe4 28.Qb3 Ne7 29.Ng5  1-0

[Event "Nis op"]
[Site "Nis"]
[Date "1993.??.??"]
[Round "?"]
[White "Szuhanek, Ranko"]
[Black "Mackic, Zoran"]
[Result "0-1"]
[WhiteElo "2265"]
[BlackElo "2340"]

1.d4 Nf6 2.c4 e6 3.Nf3 Bb4+ 4.Nbd2 O-O 5.a3 Be7 6.e3 b6 7.Bd3 Bb7 8.O-O c5
9.b3 d5 10.Bb2 cxd4 11.exd4 Nbd7 12.Qe2 Rc8 13.Rfe1 Rc7 14.Qe3 Ne8 15.Rac1 Bd6
16.Ne5 dxc4 17.Nxd7 Rxd7 18.bxc4 Nf6 19.Qh3 h6 20.d5 Be7 21.Ne4 Nxe4 22.Rxe4 Bg5
23.Rce1 exd5 24.Rg4 dxc4 25.Bxc4 Rd1 26.Qc3 Rxe1+ 27.Qxe1 Bf6 28.Bc1 Re8
29.Be3 h5 30.Rf4 Qd6 31.Qe2 Qxa3 32.h4 Qa1+ 33.Kh2 Qe5 34.Qa2 Qc7 35.Kg1 Bc8
36.Qa4 Bd7 37.Qa3 Be6 38.Be2 Be5 39.Ra4 a5 40.Bxh5 Bd7 41.Bf3 Bd6 42.Qb3 Bxa4
43.Qxa4 Qc1+ 44.Bd1 Rxe3  0-1

[Event "Nis op"]
[Site "Nis"]
[Date "1993.??.??"]
[Round "?"]
[White "Rajkovic, Dusan"]
[Black "Knezevic, Bojan"]
[Result "1-0"]
[WhiteElo "2455"]
[BlackElo "2320"]

1.d4 Nf6 2.c4 e6 3.Nf3 Bb4+ 4.Nbd2 b6 5.a3 Bxd2+ 6.Qxd2 Bb7 7.g3 d6 8.Bg2 O-O
9.O-O Nbd7 10.b3 Qe7 11.Bb2 Ne4 12.Qc2 f5 13.Rfd1 c5 14.dxc5 bxc5 15.Nd2 Ndf6
16.Nxe4 Nxe4 17.Rd3 e5 18.Rad1 Rfd8 19.f3 Nf6 20.Bh3 g6 21.Qd2 Ne8 22.b4 Rac8
23.b5 a6 24.a4 axb5 25.axb5 Ra8 26.f4 e4 27.Ra3 Rxa3 28.Bxa3 Ra8 29.Qc3 h5
30.Bb2 Kf7 31.e3 Qe6 32.Bf1 Ra2 33.Ba3 Qf6 34.Qb3 Ra1 35.Bb2 Qxb2 36.Qxb2 Rxd1
37.Kf2 Nf6 38.h3 Ke7 39.Be2 Rh1 40.Bf1  1-0

[Event "NOR-chT east"]
[Site "NOR"]
[Date "1993.??.??"]
[Round "3"]
[White "Tisdall, Jonathan D"]
[Black "Poulsson, Eivind"]
[Result "1/2-1/2"]
[WhiteElo "2425"]
[BlackElo "2340"]

1.d4 Nf6 2.c4 e6 3.Nf3 Bb4+ 4.Nbd2 O-O 5.a3 Bxd2+ 6.Bxd2 Ne4 7.Rc1 b6 8.g3 Bb7
9.Bg2 Nxd2 10.Qxd2 d6 11.O-O Nd7 12.Rfd1 Qe7 13.b4 Rfd8 14.Qb2 Nf6 15.d5 exd5
16.Nh4 c5 17.cxd5 Bc8 18.Rc3 Bd7 19.Re3 Qf8 20.Qd2 Rac8 21.h3 Re8 22.Rxe8 Qxe8
23.Rc1 cxb4 24.Rxc8 Qxc8 25.Qxb4 Qc1+ 26.Kh2 Qc5 27.Qf4 Qxa3 28.e4 Qb4 29.Nf5 Bxf5
30.Qxf5 Qc3 31.f4 g6 32.Qg5 Kg7 33.e5 dxe5 34.fxe5 Nd7 35.e6 Qf6 36.Qxf6+ Nxf6
37.e7 Ne8 38.d6 Nxd6 39.Bc6 f5 40.e8=Q Nxe8 41.Bxe8 Kf6 42.Kg2 Ke5 43.Kf3 g5
44.h4  1/2-1/2

[Event "NOR-chT east"]
[Site "NOR"]
[Date "1993.??.??"]
[Round "9"]
[White "Bjerke, Richard"]
[Black "Lauvas, Dag"]
[Result "1/2-1/2"]
[WhiteElo "2265"]
[BlackElo "2220"]

1.d4 Nf6 2.c4 e6 3.Nf3 Bb4+ 4.Nbd2 Ne4 5.a3 Nxd2 6.Bxd2 Bxd2+ 7.Qxd2 O-O
8.g3 d6 9.Bg2 a5 10.O-O a4 11.Rac1 Nc6 12.Qc3 Qe7 13.c5 Bd7 14.e4 e5 15.d5 Na5
16.Qb4 Nb3 17.cxd6 cxd6 18.Rc2 Bg4 19.Nh4 Nd4 20.Rd2 g5 21.f3 Bc8 22.Nf5 Nxf5
23.exf5 Bxf5 24.f4 exf4 25.gxf4 g4 26.Rdd1 Qf6 27.Rf2 h5 28.Re2 h4 29.Rde1 h3
30.Be4 Rae8 31.Bxf5 Rxe2 32.Rxe2 Qxf5 33.Qxd6 Qb1+ 34.Kf2 Qh1 35.Qf6 Qxh2+
36.Ke1 Qh1+ 37.Kf2 Qf3+ 38.Ke1 Qh1+ 39.Kf2 Qg2+ 40.Ke1 Qxd5 41.Re5 Qh1+  1/2-1/2

[Event "Oberwart op"]
[Site "Oberwart"]
[Date "1993.??.??"]
[Round "6"]
[White "Lazarev, Vladimir"]
[Black "Petschar, Kurt"]
[Result "1-0"]
[WhiteElo "2440"]
[BlackElo "2325"]

1.d4 e6 2.c4 Bb4+ 3.Nd2 Nf6 4.Nf3 b6 5.e3 Bb7 6.Bd3 O-O 7.O-O d5 8.a3 Bd6
9.b4 dxc4 10.Nxc4 Nbd7 11.Qe2 Re8 12.Bb2 Ne4 13.Nfe5 f6 14.Nxd7 Qxd7 15.f3 Ng5
16.e4 Bf8 17.Rad1 Nf7 18.Ne3 g6 19.d5 exd5 20.Bb5 Qe6 21.Bxe8 Rxe8 22.Qc2 dxe4
23.f4 Nd6 24.Qxc7 Ba6 25.Nd5 Bg7 26.Nxf6+ Bxf6 27.Rxd6 Bxb2 28.Rxe6 Rxe6
29.Qd7 Rf6 30.b5  1-0

[Event "Oviedo rapid"]
[Site "Oviedo"]
[Date "1993.??.??"]
[Round "8"]
[White "Bellon Lopez, Juan Manuel"]
[Black "Ulibin, Mikhail"]
[Result "1/2-1/2"]
[WhiteElo "2415"]
[BlackElo "2560"]

1.d4 e6 2.Nf3 Nf6 3.c4 Bb4+ 4.Nbd2 b6 5.a3 Bxd2+ 6.Bxd2 Bb7 7.g3 O-O 8.Bg2 d6
9.O-O Nbd7 10.Bg5 h6 11.Bxf6 Nxf6 12.e3 Qe7 13.Re1 c5 14.b4 Rfd8 15.Nd2 Bxg2
16.Kxg2 d5 17.cxd5 Rxd5 18.bxc5 bxc5 19.Nf3 cxd4 20.exd4 Rad8 21.Re5 R5d6
22.a4 Nd7 23.Re2 Nb8 24.Rc1 Nc6 25.Rd2 Qb7 26.Rb1 Qa8 27.Kg1 Ne7 28.Rb5 a6
29.Re5 Nf5 30.Rd3 Qb7 31.Rc5 Rb6 32.Rc1 Rb2 33.Rc2 Rb4 34.Rc1 Qe4  1/2-1/2

[Event "Oviedo rapid"]
[Site "Oviedo"]
[Date "1993.??.??"]
[Round "13"]
[White "Eslon, Jaan"]
[Black "Petursson, Margeir"]
[Result "1-0"]
[WhiteElo "2440"]
[BlackElo "2560"]

1.d4 Nf6 2.c4 e6 3.Nf3 Bb4+ 4.Nbd2 b6 5.a3 Bxd2+ 6.Qxd2 Bb7 7.b3 d6 8.Bb2 Nbd7
9.e3 O-O 10.Qc2 Be4 11.Bd3 Bxd3 12.Qxd3 Qc8 13.O-O Qb7 14.Nd2 c5 15.dxc5 Nxc5
16.Qc2 Nce4 17.f3 Nxd2 18.Qxd2 Qe7 19.e4 Rfd8 20.Rfd1 Rac8 21.a4 Ne8 22.Qb4 Qc7
23.Bd4 Rb8 24.Bf2 h6 25.h3 Qc6 26.Rd3 Rd7 27.Rad1 Rbd8 28.a5 bxa5 29.Qxa5 Rb8
30.e5 Rbb7 31.exd6 Nf6 32.Qc5 Qa6 33.b4 Rd8 34.b5 Qa4 35.Qa3 Qxc4 36.Rb3 Rxb5
37.Rc3 Qe2 38.Rcc1 Rb2 39.Qxa7 Rd7 40.Qc5 Nd5 41.Rf1 Qa6 42.Bg3 Qb6 43.Qxb6 Rxb6
44.Rc8+ Kh7 45.Rfc1 Rbb7 46.R8c7 f6 47.Rxd7 Rxd7 48.Rc6 e5 49.Bf2 Kg6 50.Bc5 Kf5
51.Kf2 Nf4 52.Ba3 Ke6 53.Ra6 Rb7 54.h4 h5 55.g3 Ng6 56.Ra8 Kf7 57.Rc8 Rd7
58.Ke3 Nf8 59.Ke4 Ne6 60.Ra8 Rb7 61.Kd5 Rb3 62.Ra7+ Kg6 63.Kxe6 Rxf3 64.d7 Rd3
65.Bd6  1-0

[Event "Podgorica"]
[Site "Podgorica"]
[Date "1993.??.??"]
[Round "9"]
[White "Poluljahov, Aleksandr"]
[Black "Drasko, Milan"]
[Result "0-1"]
[WhiteElo "2515"]
[BlackElo "2475"]

1.d4 Nf6 2.c4 e6 3.Nf3 Bb4+ 4.Nbd2 b6 5.g3 Bb7 6.Bg2 O-O 7.O-O a5 8.Qc2 c5
9.dxc5 Bxc5 10.e4 d6 11.b3 Nc6 12.Bb2 e5 13.a3 Ba6 14.Rad1 b5 15.cxb5 Bxb5
16.Nc4 Qc7 17.Rc1 Rab8 18.h3 Rb7 19.Nfd2 Nd4 20.Qd1 Bxc4 21.Rxc4 Qb8 22.Bxd4 Bxd4
23.Ra4 Rb5 24.Re1 Qb6 25.Qf3 Rc8 26.Bf1 Rc3 27.Qf5 Rbc5 28.b4 Rc8 29.Rxa5 Qd8
30.Kg2 g6 31.Qg5 Kg7 32.f4 h6 33.Qh4 Be3 34.Nf3 Rc2+ 35.Be2 exf4 36.gxf4 Nxe4
37.Qxd8 Rxd8 38.f5 Re8 39.fxg6 fxg6 40.h4 Bf4 41.Ra7+ Kf6 42.Nd4 Rd2 43.Nf3 Rb2
44.Nd4 Nc3 45.Kf3 Re3+ 46.Kf2 Ne4+ 47.Kf1 Ng3+ 48.Kf2 Re4  0-1

[Event "Rishon Le Ziyyon"]
[Site "Rishon Le Ziyyon"]
[Date "1993.??.??"]
[Round "6"]
[White "Smyslov, Vassily"]
[Black "Birnboim, Nathan"]
[Result "1/2-1/2"]
[WhiteElo "2520"]
[BlackElo "2435"]

1.Nf3 Nf6 2.d4 e6 3.c4 Bb4+ 4.Nbd2 c5 5.a3 Bxd2+ 6.Bxd2 b6 7.Bg5 Bb7 8.e3 O-O
9.Be2 h6 10.Bxf6 Qxf6 11.O-O d6 12.Qd2 Nd7 13.Rad1 Rfd8  1/2-1/2

[Event "ROM-chT"]
[Site "ROM"]
[Date "1993.??.??"]
[Round "2"]
[White "Nutu Gajic, Dana"]
[Black "Olarasu, Gabriela"]
[Result "1-0"]
[WhiteElo "2355"]
[BlackElo "2245"]

1.d4 Nf6 2.c4 e6 3.Nf3 Bb4+ 4.Nbd2 b6 5.e3 Bb7 6.Bd3 O-O 7.O-O d5 8.a3 Bxd2
9.Nxd2 Nbd7 10.b4 e5 11.cxd5 Bxd5 12.e4 Bb7 13.d5 c6 14.dxc6 Bxc6 15.Qe2 Qe7
16.Bb2 Rfd8 17.Rac1 Nb8 18.Nf3 a6 19.Nxe5 Be8 20.f4 Ra7 21.Rfd1 Ba4 22.Bc2 Rxd1+
23.Bxd1 Bxd1 24.Rc8+ Ne8 25.Qxd1 Rb7  1-0

[Event "Santiago"]
[Site "Santiago de Chile"]
[Date "1993.??.??"]
[Round "?"]
[White "Araya, Ricardo"]
[Black "Silva, Sebastain"]
[Result "0-1"]
[WhiteElo "2320"]
[BlackElo "2350"]

1.d4 Nf6 2.Nf3 e6 3.c4 Bb4+ 4.Nbd2 b6 5.a3 Bxd2+ 6.Bxd2 Bb7 7.Bf4 d6 8.e3 Nbd7
9.h3 Qe7 10.Be2 Ne4 11.Rc1 g5 12.Bh2 h5 13.d5 e5 14.Nd2 Nxd2 15.Kxd2 Nf6
16.f3 O-O-O 17.e4 h4 18.Qa4 Kb8 19.b4 Nh5 20.Rhe1 Nf4 21.Bf1 Qe8 22.Qxe8 Rhxe8
23.Ke3 Re7 24.Rc2 f5 25.c5 fxe4 26.fxe4 Rf8 27.cxd6 cxd6 28.Rec1 Ref7 29.Bxf4 exf4+
30.Kf2 Rg7 31.Be2 Rc8 32.Rxc8+ Bxc8 33.Rc6 Rg6 34.Bh5 Rh6 35.Bf3 Bd7 36.Rc1 Rg6
37.Ra1 Rg8 38.Rc1 Kb7 39.Rc3 a5 40.bxa5 bxa5 41.Rb3+ Kc7 42.Ke1 Rb8 43.Rc3+ Kd8
44.Bg4 Rb1+ 45.Kf2 Rb2+ 46.Kg1 Rb1+ 47.Kf2 Bb5 48.Rc8+ Ke7  0-1

[Event "Silvaplana (Women)"]
[Site "Silvaplana"]
[Date "1993.??.??"]
[Round "?"]
[White "Gruenenwald, Evi"]
[Black "Hund, Barbara"]
[Result "1/2-1/2"]
[WhiteElo "2115"]
[BlackElo "2250"]

1.d4 Nf6 2.c4 e6 3.Nf3 Bb4+ 4.Nbd2 O-O 5.g3 d5 6.Qb3 c5 7.Bg2 Nc6 8.dxc5 d4
9.O-O Bxc5 10.Ne1 e5 11.Nd3 Bd6 12.c5 Bc7 13.Nc4 Rb8 14.Bg5 Be6 15.Qc2 h6
16.Bxf6 Qxf6 17.f4 exf4 18.Nxf4 Qe7 19.Nxe6 Qxe6 20.a3 Bd8 21.Rf5 b5 22.Bd5 Qd7
23.Nd6 d3 24.Qxd3 Bf6 25.Rxf6 Ne5 26.Rxf7  1/2-1/2

[Event "St Martin op"]
[Site "St Martin"]
[Date "1993.??.??"]
[Round "8"]
[White "Thorsteins, Karl"]
[Black "Giffard, Nicolas"]
[Result "1-0"]
[WhiteElo "2480"]
[BlackElo "2370"]

1.d4 Nf6 2.c4 e6 3.Nf3 Bb4+ 4.Nbd2 b6 5.a3 Bxd2+ 6.Qxd2 Bb7 7.b3 d6 8.Bb2 Nbd7
9.g3 Ne4 10.Qd3 O-O 11.Bg2 f5 12.O-O Qe7 13.Rad1 Ndf6 14.Ne1 Rad8 15.f3 Ng5
16.Qe3 Nh5 17.Nd3 h6 18.d5 Rde8 19.g4 Nf6 20.h4 Ngh7 21.dxe6 Qxe6 22.Qxe6+ Rxe6
23.Nf4 Re3 24.gxf5 Rxb3 25.Rd2 c5 26.e4 Ba6 27.Rc1 Ne8 28.Kf2 Rf7 29.Bf1 b5
30.cxb5 Bxb5 31.Rc3 Rxc3 32.Bxb5 Nc7 33.Ba4  1-0

[Event "FRM-ch"]
[Site "Struga"]
[Date "1993.??.??"]
[Round "2"]
[White "Gicev, Blagoja"]
[Black "Organdziev, Oliver"]
[Result "1-0"]
[WhiteElo "2320"]
[BlackElo "2245"]

1.d4 Nf6 2.c4 e6 3.Nf3 Bb4+ 4.Nbd2 d5 5.g3 O-O 6.Bg2 b6 7.O-O Bb7 8.Ne5 Nbd7
9.Ndf3 Nxe5 10.Nxe5 Nd7 11.Nd3 Be7 12.Bf4 Bg5 13.Bxg5 Qxg5 14.cxd5 exd5 15.Rc1 c6
16.Rc2 Rae8 17.e3 Qh6 18.Qg4 Qd6 19.Qf4 Re6 20.Qxd6 Rxd6 21.Rfc1 Nb8 22.b4 Ba6
23.Ne5 Bb5 24.Bf1 Ba4 25.Rc3 f6 26.Ra3 fxe5 27.dxe5 Rd7 28.Rxa4 Re8 29.f4 g5
30.Ra3 d4 31.Bc4+ Kh8 32.e6 Rde7 33.f5 Kg7 34.exd4 Kf6 35.Rf3 Rd8 36.Rd1 b5
37.Bb3 Na6 38.a3 h5 39.Kf2 c5 40.dxc5 Rxd1  1-0

[Event "FRM-ch"]
[Site "Struga"]
[Date "1993.??.??"]
[Round "13"]
[White "Kocovski, Ivan"]
[Black "Bogdanovski, Vlatko"]
[Result "1-0"]
[WhiteElo "2300"]
[BlackElo "2405"]

1.d4 Nf6 2.c4 e6 3.Nf3 Bb4+ 4.Nbd2 b6 5.a3 Bxd2+ 6.Bxd2 Bb7 7.Bg5 d6 8.e3 Nbd7
9.Bd3 h6 10.Bh4 g5 11.Bg3 h5 12.h4 g4 13.Ng5 Bxg2 14.Rg1 Bb7 15.Qc2 Qe7 16.b4 a5
17.Kd2 c5 18.bxc5 dxc5 19.Rab1 Rc8 20.Rgd1 Kf8 21.Ke1 Kg7 22.d5 exd5 23.cxd5 Bxd5
24.Bf5 Rc6 25.Qc3 Be6 26.Be4 Rcc8 27.Bb7 Bf5 28.Rxd7 Qxd7 29.Rxb6 Rhd8 30.Qxf6+ Kg8
31.Rd6 Qxb7 32.Rxd8+ Rxd8 33.Qxd8+ Kg7 34.Be5+  1-0

[Event "SWZ-chT"]
[Site "?"]
[Date "1993.??.??"]
[Round "?"]
[White "Sherwin, James T"]
[Black "Adler, Joel"]
[Result "0-1"]
[WhiteElo "2375"]
[BlackElo "2340"]

1.d4 Nf6 2.Nf3 e6 3.c4 Bb4+ 4.Nbd2 d5 5.e3 O-O 6.a3 Be7 7.b4 a5 8.b5 c5 9.dxc5 Nbd7
10.cxd5 Nxd5 11.c6 bxc6 12.bxc6 Nc5 13.Qc2 Qd6 14.Nd4 e5 15.Nc4 Qf6 16.Nf3 Bf5
17.Qb2 Rab8 18.Qxe5 Qxe5 19.Ncxe5 Nb3 20.Bc4 Nxa1 21.Bxd5 Nc2+ 22.Ke2 Nxa3
23.e4 Bc8 24.Ng5 Nb5 25.Nexf7 Nc3+ 26.Kd3 Nxd5 27.exd5 h6 28.d6 Ba6+ 29.Kc2 Bxg5
30.Nxg5 hxg5 31.Bxg5 Rb6 32.d7 Rxc6+ 33.Kb3 Rb8+ 34.Ka4 Bb5+ 35.Ka3 Rd6 36.d8=Q+ Rdxd8
37.Bxd8 Rxd8 38.Re1 Rd3+ 39.Kb2 a4 40.Re5 a3+ 41.Kc2 a2 42.Re1 Rd6 43.Ra1 Bd3+  0-1

[Event "SWZ-chT"]
[Site "?"]
[Date "1993.??.??"]
[Round "?"]
[White "Begovac, Franja"]
[Black "Terraz, Christian"]
[Result "1-0"]
[WhiteElo "2405"]
[BlackElo "2240"]

1.d4 Nf6 2.c4 e6 3.Nf3 Bb4+ 4.Nbd2 O-O 5.a3 Bxd2+ 6.Bxd2 b6 7.g3 Bb7 8.Bg2 d6
9.O-O Nbd7 10.Qc2 Qc8 11.Rfd1 Be4 12.Qa4 Qb7 13.b4 e5 14.Bc3 exd4 15.Bxd4 Ne5
16.Bxe5 dxe5 17.Rd2 Bc6 18.Qd1 Bxf3 19.exf3 Rae8 20.Qa4 Rd8 21.Rad1 Rxd2
22.Rxd2 a5 23.bxa5 Qa6 24.Qb5 Qxb5 25.cxb5 bxa5 26.Rc2 Rc8 27.b6 Ne8 28.Bh3  1-0

[Event "SWZ-chT"]
[Site "?"]
[Date "1993.??.??"]
[Round "?"]
[White "Huss, Andreas"]
[Black "Valdivia, Manuel"]
[Result "1-0"]
[WhiteElo "2400"]
[BlackElo "2265"]

1.d4 Nf6 2.Nf3 e6 3.c4 Bb4+ 4.Nbd2 O-O 5.a3 Bxd2+ 6.Qxd2 b6 7.e3 Bb7 8.Bd3 d6
9.b4 Nbd7 10.Qc2 c5 11.O-O Rc8 12.Bb2 b5 13.dxc5 dxc5 14.Qb3 Bxf3 15.gxf3 Nb6
16.Rfc1 cxb4 17.cxb5 Rxc1+ 18.Rxc1 Nfd5 19.Kh1 Qh4 20.Rg1 f6 21.Rg3 bxa3
22.Qxa3 Rf7 23.Qd6 Qb4 24.Qxe6 Qxb2 25.Qe8+ Rf8 26.Bxh7+ Kxh7 27.Qg6+  1-0

[Event "SWZ-chT"]
[Site "?"]
[Date "1993.??.??"]
[Round "?"]
[White "Huss, Andreas"]
[Black "Milosevic, Goran"]
[Result "1-0"]
[WhiteElo "2400"]
[BlackElo "2410"]

1.d4 Nf6 2.Nf3 e6 3.c4 Bb4+ 4.Nbd2 O-O 5.a3 Be7 6.e4 d5 7.e5 Nfd7 8.cxd5 exd5
9.b4 Re8 10.Bd3 Nf8 11.h3 Bd7 12.Qb3 a5 13.b5 c6 14.bxc6 Bxc6 15.O-O a4 16.Qb1 Na6
17.Re1 Nc7 18.Nf1 Qd7 19.Ne3 Ng6 20.Bd2 Ne6 21.Nf5 Bf8 22.g3 Nc7 23.h4 Bb5
24.h5 Bxd3 25.Qxd3 Nh8 26.Rab1 Ne6 27.Bb4 g6 28.Bxf8 Kxf8 29.Nd6 Reb8 30.Rb6 Ra6
31.Qxa6 bxa6 32.Rxb8+ Nd8 33.Rc1 Kg7 34.Rcc8 Nc6 35.Rg8+ Kh6 36.Rb7 Qg4 37.Rxh8  1-0

[Event "EU-ch U16"]
[Site "Szombathely"]
[Date "1993.??.??"]
[Round "8"]
[White "Kempinski, Robert"]
[Black "Tzoumbas, Anastasios"]
[Result "1-0"]
[WhiteElo "2340"]
[BlackElo "2215"]

1.Nf3 Nf6 2.c4 e6 3.d4 Bb4+ 4.Nbd2 b6 5.e3 Bb7 6.Bd3 O-O 7.O-O d6 8.a3 Bxd2
9.Bxd2 Ne4 10.Be1 f5 11.Qc2 Nd7 12.Nd2 Nef6 13.b4 c5 14.f3 Nh5 15.d5 Ne5
16.dxe6 Qg5 17.Rf2 Qf6 18.Rd1 Qxe6 19.Bf1 Rf6 20.e4 f4 21.Nb1 Rh6 22.Rfd2 Rd8
23.Qb3 Rd7 24.Nc3 g5 25.Nb5 Qe7 26.bxc5 bxc5 27.Nxd6 Rhxd6 28.Rxd6 Rxd6 29.Rxd6 Qxd6
30.Qxb7 Nf6 31.Bc3 Ned7 32.Qxa7 h5 33.Qa8+ Kh7 34.Qd8 Qe6 35.Bd3 Ne5 36.Qc7+ Qd7
37.Bxe5  1-0

[Event "SVK-ch"]
[Site "Topolcianky"]
[Date "1993.??.??"]
[Round "5"]
[White "Tibensky, Robert"]
[Black "Lipka, Juraj"]
[Result "1-0"]
[WhiteElo "2425"]
[BlackElo "2310"]

1.d4 Nf6 2.c4 e6 3.Nf3 Bb4+ 4.Nbd2 b6 5.e3 Bb7 6.Bd3 O-O 7.O-O Bxd2 8.Bxd2 Ne4
9.Bb4 d6 10.Qc2 f5 11.Nd2 Nxd2 12.Bxd2 c5 13.Bc3 Nd7 14.f3 Qe7 15.Rae1 Rac8
16.Qb1 Qf7 17.b3 e5 18.d5 Rce8 19.f4 e4 20.Be2 b5 21.Qd1 b4 22.Bb2 Nf6 23.Kh1 Bc8
24.h3 g6 25.g4 Bd7 26.Rg1 Ra8 27.gxf5 Bxf5 28.Bg4 Qd7 29.Kh2 h6 30.Rg2 Kf7
31.Reg1 Rg8 32.Qe1 Qe7 33.Kh1 Bxg4 34.hxg4 h5 35.gxh5 Rh8 36.Rh2 Rxh5 37.Rxh5 Nxh5
38.Rg5 Nf6 39.Qh4 Rg8 40.f5 Rg7 41.Qh6 Ke8 42.fxg6  1-0

[Event "Vinkovci"]
[Site "Vinkovci"]
[Date "1993.??.??"]
[Round "1"]
[White "Kozul, Zdenko"]
[Black "Hulak, Krunoslav"]
[Result "0-1"]
[WhiteElo "2595"]
[BlackElo "2535"]

1.d4 Nf6 2.Nf3 e6 3.c4 Bb4+ 4.Nbd2 b6 5.a3 Bxd2+ 6.Qxd2 Bb7 7.e3 d6 8.b4 Nbd7
9.Bb2 a5 10.b5 O-O 11.Be2 Ne4 12.Qc2 f5 13.O-O Qe7 14.d5 e5 15.Ne1 Nec5 16.f4 Rae8
17.fxe5 Nxe5 18.Bd4 Bc8 19.Nd3 Ng4 20.Bxg4 fxg4 21.Rxf8+ Rxf8 22.Bxc5 bxc5
23.Re1 Qe4 24.Qc3 h5 25.Nf2 Qf5 26.Nd1 h4 27.e4 Qf4 28.Qe3 Qe5 29.Nf2 h3
30.gxh3 Rf3 31.Qe2 Rxa3 32.hxg4 Rb3 33.Qa2 Rb2 34.Qxa5 Qf4 35.Rf1 Bxg4 36.Qxc7 Bh3
37.Qe7 Qxf2+  0-1

[Event "Vinkovci"]
[Site "Vinkovci"]
[Date "1993.??.??"]
[Round "2"]
[White "Muse, Mladen"]
[Black "Dizdar, Goran"]
[Result "1-0"]
[WhiteElo "2485"]
[BlackElo "2495"]

1.d4 Nf6 2.c4 e6 3.Nf3 Bb4+ 4.Nbd2 d5 5.a3 Be7 6.e3 O-O 7.Bd3 c5 8.dxc5 a5
9.b3 Nbd7 10.O-O Nxc5 11.Be2 dxc4 12.Bxc4 Nd3 13.Qc2 Nxc1 14.Rfxc1 b6 15.Ne5 Bb7
16.Ndf3 Rc8 17.Rd1 Qc7 18.Qb2 Bd6 19.Be2 Rfd8 20.h3 Ne4 21.Rd4 Qc3 22.Qxc3 Nxc3
23.Bf1 b5 24.a4 f6 25.Ng4 Bxf3 26.gxf3 f5 27.axb5 fxg4 28.Bc4 Nd5 29.Re4 Kf7
30.hxg4 Bb4 31.f4 Rd6 32.f5 Kf6 33.fxe6 Nb6 34.e7 Re8 35.Bg8 Rxe7 36.g5+  1-0

[Event "Vinkovci"]
[Site "Vinkovci"]
[Date "1993.??.??"]
[Round "3"]
[White "Kozul, Zdenko"]
[Black "Lisenko, Alexander V"]
[Result "1-0"]
[WhiteElo "2595"]
[BlackElo "2410"]

1.d4 Nf6 2.Nf3 e6 3.c4 Bb4+ 4.Nbd2 b6 5.a3 Bxd2+ 6.Bxd2 Bb7 7.Bg5 d6 8.e3 Nbd7
9.Bh4 h6 10.Rc1 Qe7 11.Nd2 c5 12.Be2 g5 13.Bf3 d5 14.Bg3 h5 15.cxd5 exd5
16.Nc4 Ba6 17.Nd6+ Kf8 18.h3 Qe6 19.b4 Kg7 20.b5 Bc8 21.a4 a6 22.a5 axb5
23.axb6 Nxb6 24.Nxb5 Ra5 25.Nc7 Qe7 26.Qb3 Nbd7 27.Nxd5 Nxd5 28.Qxd5 Ba6
29.Bd6 Qf6 30.Bc7 Ra3 31.Qxd7 cxd4 32.Qd6  1-0

[Event "Vinkovci"]
[Site "Vinkovci"]
[Date "1993.??.??"]
[Round "4"]
[White "Muse, Mladen"]
[Black "Smuk, Zelimir"]
[Result "1-0"]
[WhiteElo "2485"]
[BlackElo "2295"]

1.d4 Nf6 2.c4 e6 3.Nf3 Bb4+ 4.Nbd2 Ne4 5.a3 Nxd2 6.Nxd2 Be7 7.g3 d5 8.Bg2 c6
9.e4 Nd7 10.O-O dxc4 11.Nxc4 O-O 12.b4 Nb6 13.Na5 f5 14.Bf4 Bf6 15.Be5 Bxe5
16.dxe5 fxe4 17.Bxe4 Nd5 18.Qh5 g6 19.Qh6 Rf7 20.Rad1 Qc7 21.Qg5 b6 22.Nc4 Ba6
23.Rc1 Raf8 24.h4 Kh8 25.Nd6 Bxf1 26.Nxf7+ Qxf7 27.Rxf1 Qe7 28.Rc1 Qxg5 29.hxg5 Rc8
30.Kf1 Kg7 31.Ke2 Rc7 32.f4 Kf7 33.Kf3 Ke7 34.g4 Kd8 35.f5 gxf5 36.gxf5 exf5
37.Bxf5 Rf7 38.Ke4 Ne7 39.Rd1+ Nd5 40.e6 Rg7 41.b5 Ke7 42.Rd3 Rxg5 43.bxc6 Nf6+
44.Ke5 Rg1 45.Rc3 Re1+ 46.Kd4 Rd1+ 47.Bd3 Kd8 48.c7+ Kc8 49.e7 Ne8 50.Ke3  1-0